000 00428ntaaa2200181 4500
003 01
005 20251027201944.0
008 0714s1973 ag 01
040 _aAR-BaBN
_bspa
_cAR-BaBN
_eaacr
_dRIC
082 _a248.0000 H87w
100 _aHulma, William E.
_918145
245 _aLa soledad creativa
250 _a1 ed.
260 _aBuenos Aires :
_bLa Aurora,
_c1978
300 _a136 p.
650 _aSoledad
942 _cBK
999 _c14305
_d14305